| 000 | 01154nam a22002535a 4500 | ||
|---|---|---|---|
| 003 | OSt | ||
| 005 | 20180428113620.0 | ||
| 008 | 180428s1980 iq a frb 000 0 ara d | ||
| 040 |
_aEG-ScBUE _bara _cEG-ScBUE |
||
| 043 | _ama----- | ||
| 082 | 0 | 4 |
_a331.12709174927 _bهـ ج ر _222 |
| 111 | 2 |
_aمؤتمر العمل العربي _n(8 : _d16-6 مارس/ اذار 1980 : _cبغداد) |
|
| 245 | 1 | 0 |
_aهجرة الأدمغة العربية / _cمنظمة العمل العربية. |
| 260 |
_aبغداد : _bمنظمة العمل العربية، مكتب العمل العربي، _c1980. |
||
| 300 |
_a136 ص. : _bإيض. ؛ _c24 سم. |
||
| 504 | _aيشتمل على إرجاعات ببليوجرافية. | ||
| 541 |
_aأ. محمد فريد خميس ؛ _cإهداء ؛ |
||
| 650 | 7 |
_aهجرة العقول _zالبلاد العربية _vمقالات ومحاضرات. _2BUEsh |
|
| 650 | 7 |
_aالعمل والعمال _zالبلاد العربية _vمقالات ومحاضرات. _2BUEsh |
|
| 651 | _2BUEsh | ||
| 653 |
_bBUSBOL _bGGEN _cApril2018 |
||
| 710 | 2 |
_aمنظمة العمل العربية. _bمكتب العمل العربي. |
|
| 942 | _2ddc | ||
| 999 |
_c26599 _d26571 |
||